Normal view
MARC view
- العدوي، جمال الدين علي... وآخرون ، م.مشارك حبيب، محمد فؤاد، م.مشارك مهدي، أحمد كامل، م.مشارك حسن، أحمد علي
Entry Personal Name
001 - CONTROL NUMBER
- control field: 22412
003 - CONTROL NUMBER IDENTIFIER
- control field: JO-AjAnu
005 - DATE AND TIME OF LATEST TRANSACTION
- control field: 20230606073853.0
008 - FIXED-LENGTH DATA ELEMENTS
- fixed length control field: 230606|| aca||aabn | a|a d
040 ## - CATALOGING SOURCE
- Original cataloging agency: JO-AjAnu
- Transcribing agency: JO-AjAnu
100 ## - HEADING--PERSONAL NAME
- Personal name: العدوي، جمال الدين علي... وآخرون ، م.مشارك حبيب، محمد فؤاد، م.مشارك مهدي، أحمد كامل، م.مشارك حسن، أحمد علي
670 ## - SOURCE DATA FOUND
- Source citation: Work cat.: (JO-AjAnu)11518: العدوي، جمال الدين علي... وآخرون ، م.مشارك حبيب، محمد فؤاد، م.مشارك مهدي، أحمد كامل، م.مشارك حسن، أحمد علي, author, الرياضة في حياتنا